Alternatívne systémy financovania vysokých škôl

Uložené v:
Podrobná bibliografia
Hlavný autor: Šlosár, Rudolf
Ďalší autori: Orbánová, Darina
Médium: Kapitola
Jazyk:Slovak
Tagy: Pridať tag
Žiadne tagy, Buďte prvý, kto otaguje tento záznam!

MARC

LEADER 00000naa$a2200000$$$4500
001 0182715
005 20240502073127.1
041 0 |a slo 
044 |a SK 
245 1 0 |a Alternatívne systémy financovania vysokých škôl  |c Rudolf Šlosár, Darina Orbánová 
100 1 |a Šlosár, Rudolf 
700 1 |a Orbánová, Darina